La Conciliación de la vida laboral, familiar y personal en la negociación colectiva de Castilla-La Mancha (Registro nro. 161572)
[ vista simple ]
| 000 -LEADER | |
|---|---|
| fixed length control field | 01463nam a2200313 a 4500 |
| 007 - PHYSICAL DESCRIPTION FIXED FIELD--GENERAL INFORMATION | |
| fixed length control field | cr|||| |||| |
| 008 - FIXED-LENGTH DATA ELEMENTS--GENERAL INFORMATION | |
| fixed length control field | 100513s2009 sp 000 0 spa c |
| 020 ## - INTERNATIONAL STANDARD BOOK NUMBER | |
| International Standard Book Number | 8496721892 |
| 020 ## - INTERNATIONAL STANDARD BOOK NUMBER | |
| International Standard Book Number | 9788496721890 |
| 035 ## - | |
| -- | 5805 |
| 040 ## - CATALOGING SOURCE | |
| Original cataloging agency | vLex |
| 080 ## - | |
| -- | 331 |
| 090 ## - | |
| -- | 3165 |
| -- | 3165 |
| 245 03 - TITLE STATEMENT | |
| Title | La Conciliación de la vida laboral, familiar y personal en la negociación colectiva de Castilla-La Mancha |
| Medium | [Recurso electrónico] / |
| Statement of responsibility, etc | María José Romero Ródenas (ed.) ; Amparo Merino Segovia... [et al.] |
| 256 ## - | |
| -- | Servicio en línea |
| 260 ## - PUBLICATION, DISTRIBUTION, ETC. (IMPRINT) | |
| Place of publication, distribution, etc | Albacete : |
| Name of publisher, distributor, etc | Ediciones Bomarzo, |
| Date of publication, distribution, etc | 2009 |
| 300 ## - PHYSICAL DESCRIPTION | |
| Extent | 1 recurso electrónico |
| 504 ## - BIBLIOGRAPHY, ETC. NOTE | |
| Bibliography, etc | Bibliografia |
| 506 1# - RESTRICTIONS ON ACCESS NOTE | |
| Terms governing access | Contenido solo disponible en los productos indicados |
| Authorized users | vLex Global |
| -- | vLex Global (Academic Edition, excluding Law Schools) |
| -- | vLex Global (U.S. Academic Edition, Law Schools) |
| -- | vLex Global (U.S. Academic Edition, excluding Law Schools) |
| -- | vLex Global (Academic Edition, Law Schools) |
| 650 04 - SUBJECT ADDED ENTRY--TOPICAL TERM | |
| Topical term or geographic name as entry element | Conciliación laboral |
| Geographic subdivision | Castilla la Mancha |
| 650 04 - SUBJECT ADDED ENTRY--TOPICAL TERM | |
| Topical term or geographic name as entry element | Negociaciones colectivas del trabajo |
| Geographic subdivision | Castilla la Mancha |
| 650 04 - SUBJECT ADDED ENTRY--TOPICAL TERM | |
| Topical term or geographic name as entry element | Trabajo y familia |
| Geographic subdivision | Castilla la Mancha |
| 700 1# - ADDED ENTRY--PERSONAL NAME | |
| Personal name | Merino Segovia, Amparo |
| 700 1# - ADDED ENTRY--PERSONAL NAME | |
| Personal name | Romero Ródenas, María José |
| 740 0# - | |
| -- | vLex Libros (Servicio en línea) |
| 856 40 - LOCALIZACIÓN Y ACCESO ELECTRÓNICO | |
| Identificador Uniforme del Recurso (URI/URL) | https://app.vlex.com/#/sources/conciliacion-vida-laboral-familiar-personal-negociacion-colectiva-castilla-la-mancha-5805 |
| 942 ## - | |
| -- | RAA |
| 999 ## - | |
| -- | 161572 |
| -- | 161572 |
No hay ítems disponibles.